00760nam a2200205 4500999001900000005001700019010001500036020002700051035001400078037001300092082001200105100002400117245007600141260003500217270006500252300002300317500005000340942002600390952013800416 c171910d17191020200123121734.0 aENG-127525 c1395.00a9789382730569 aEN-111057 bDBAD/PUB a333.709 aChavan,Udhav Eknath aGeography of Enviroment and Natural Calamities/cby Udhav Eknath Chavan aKanpurbGarima Prakashanc2019 a1st floor, Mayur Park, Basant Vihar NaubastabKanpure208021 avi;328p.c22cm(hb) aincludes bibliographical references and index 2ddccENh333.709mCHA 001040708NFICaZLSbZLSd2020-01-23eDBAD/PUBg1395.00l2o333.709 CHApEN-111057r2022-06-20 00:00:00s2022-05-30t1v1395.00yEN